| Tag |
First Indicator |
Second Indicator |
Subfields |
| LEADER |
00000cam a2200000 4500 |
| 001 |
in00003828113 |
| 005 |
20190415190853.0 |
| 006 |
m o d |
| 007 |
cr |n||||||||n |
| 008 |
931215s1730 enk|||| o 00||||eng c |
| 035 |
|
|
|a (CU-RivES)T220723
|
| 035 |
|
|
|a (Uk-ES)006315166
|
| 035 |
|
|
|a (OCoLC)510644140
|
| 040 |
|
|
|a Uk-ES
|c Uk-ES
|d CStRLIN
|d Cengage Gale
|d UtOrBLW
|
| 100 |
1 |
|
|a Arcedeckne, Mathias.
|0 http://id.loc.gov/authorities/names/nr90019929
|
| 245 |
1 |
0 |
|a Mathias Arcedeckne gent. and Mary his wife, appellants. James Horan gent. Florence Collanane, William Burke, and the representatives of Nicholas Arcedeckne, deceased, respondents. And the said James Horan, ----- appellant. And the said Mathias Arcedeckne, and Mary his wife, respondents. The case of the appellants in the original appeal, and respondents to the cross-appeal.
|
| 264 |
|
1 |
|a [London] :
|b [publisher not identified],
|c [1730]
|
| 300 |
|
|
|a 1 online resource (3, 1 unnumbered pages)
|
| 336 |
|
|
|a text
|b txt
|2 rdacontent
|
| 337 |
|
|
|a computer
|b c
|2 rdamedia
|
| 338 |
|
|
|a online resource
|b cr
|2 rdacarrier
|
| 500 |
|
|
|a Docket title: "To be heard at the bar of the House of Lords, on Monday the 4th day of May 1730".
|
| 500 |
|
|
|a Signed: Tho. Lutwyche, N. Fazakerly.
|
| 500 |
|
|
|a Brace(s) in title or imprint.
|
| 509 |
|
|
|a Cf. t120982 for issue with docket title: "To be heard at the bar of the House of Lords, on [blank] the [blank] day of April 1730". Verify full docket title
|
| 510 |
4 |
|
|a English Short Title Catalog,
|c T220723.
|
| 500 |
|
|
|a Reproduction of original from National Library of Ireland.
|
| 500 |
|
|
|a Electronic resource.
|
| 600 |
1 |
0 |
|a Arcedeckne, Mary
|x Trials, litigation, etc.
|v Early works to 1800.
|
| 600 |
1 |
0 |
|a Horan, James
|x Trials, litigation, etc.
|v Early works to 1800.
|
| 650 |
|
0 |
|a Mortgages
|z Great Britain
|v Early works to 1800.
|
| 650 |
|
0 |
|a Inheritance and succession
|v Early works to 1800.
|
| 655 |
|
7 |
|a Electronic books.
|2 local
|
| 700 |
1 |
|
|a Arcedeckne, Mary,
|e author.
|0 http://id.loc.gov/authorities/names/nr96032368
|
| 710 |
2 |
|
|a Gale (Firm)
|0 http://id.loc.gov/authorities/names/no2008071348
|
| 752 |
|
|
|a Great Britain
|b England
|d London.
|
| 856 |
4 |
0 |
|u http://proxy.library.tamu.edu/login?url=http://find.galegroup.com/ecco/infomark.do?contentSet=ECCOArticles&docType=ECCOArticles&bookId=1615903600&type=getFullCitation&tabID=T001&prodId=ECCO&docLevel=TEXT_GRAPHICS&version=1.0&source=library&userGroupName=txshracd2898
|z Connect to the full text of this electronic book
|t 0
|
| 999 |
f |
f |
|s 1fede2a3-980c-3885-873f-f64b93db9717
|i 06fca11a-0e8b-31ec-8fde-6106ea27da83
|t 0
|
| 952 |
f |
f |
|a Texas A&M University
|b College Station
|c Electronic Resources
|d Available Online
|t 0
|h No information provided
|
| 998 |
f |
f |
|t 0
|l Available Online
|